000 01418nam a2200253Ia 4500
999 _c43701
_d43701
001 10441
003 GE_BSU
005 20240613123241.0
008 181216s2013||||ge |||||||||||||| ||geo||
020 _a9789941062520
040 _cGE_BSU
041 _ageo
080 _a821.133.1-1 ფ–87
245 _aფრანგული პოეზიის ათასწლეული = Le Millenaire de la Poesie Francaise /
_cფრანგ. თარგმნა ბადრი თევზაძემ ; რედ. როსტომ ჩხეიძე ; ალექსანდრე ორბელიანის საზ-ბა.
264 _aთბილისი :
_bჩვენი მწერლობა,
_c2013.
300 _b332 გვ. ;
_e18 სმ.
500 _aგარეკანზე : ჟან-ონორე ფრაგონარის ნახატი "საქანელა"
500 _aკომენტარები : გვ. 310-313
500 _aთავფურ., ყდა ქართულ და ფრანგულ ენებზე
653 _aფრანგული პოეზიის ათასწლეული
700 _aრუდელი, ჟოფრე
_eავტორი
_922420
710 _aალექსანდრე ორბელიანის საზოგადოება
_922421
942 _cBK
_2udc